00586nam a2200181 i 4500001000700000003000900007005001700016008004100033020001800074080001700092100003100109245006600140260003000206300003500236500001800271651004900289852006600338170037ES-MaACL20250828063300.0090116s1988 fr |||| | fre d a2-262-00591-5 a944"1789/99" aDecaux, Alain, d1925-201610aAlain Decaux raconte la Révolution française aux enfants. aParis : bPerrin, c1988. a176 p. : bil. col. ; c28 cm. aCronología. 4aFrancia-xHistoria-y1789-1799, Revolución4 aES-MaACLjE-12373 z. - Biblioteca Jacinto Martínez Lacalle